Kleinstaaten (mit Hinweis) - Statistiken

Allgemein
  • Dieses Quiz wurde 47 mal gespielt
  • Das Durchschnittsergebnis liegt bei 24 aus 32
Antwortstatistiken
Kontinent Kleinstaat % Korrekt
Europa Andorra
95%
Europa Liechtenstein
95%
Europa Monaco
95%
Europa San Marino
93%
Europa Malta
84%
Europa Luxemburg
82%
Ozeanien Palau
80%
Ozeanien Vanuatu
80%
Ozeanien Nauru
77%
Amerika St. Lucia
77%
Amerika St. Vincent und die Grenadinen
77%
Ozeanien Tuvalu
77%
Amerika Grenada
75%
Ozeanien Mikronesien
75%
Ozeanien Samoa
75%
Afrika São Tomé und Príncipe
75%
Amerika Antigua und Barbuda
73%
Amerika Barbados
73%
Amerika Dominica
73%
Ozeanien Kiribati
73%
Ozeanien Marshallinseln
73%
Afrika Kap Verde
70%
Afrika Mauritius
70%
Amerika St. Kitts und Nevis
70%
Asien Brunei
68%
Afrika Seychellen
68%
Asien Singapur
68%
Ozeanien Tonga
68%
Afrika Komoren
66%
Asien Bahrain
64%
Asien Malediven
57%
Ozeanien Cookinseln
9%
Keine übereinstimmenden Quizze gefunden
Verteilung der Resultate
Anzahl Personen mit jedem Resultat
Perzentil nach korrekt beantworteten Fragen
Ihre Resultats-Entwicklung
Sie haben dieses Quiz noch nicht gespielt